000 00595cab a2200217 4500
001 WB3238-22
008 090401t1996 xxu||||| |||| 00| 0 eng d
035 _a(Sirsi) u20503
041 _aeng
245 _aAdvice for handicapped homebuyers
260 _c1996
350 _a0
490 _aTimes
_v9 October 1996, 41(2)
520 _aExplains the difficulties people with disabilities face when buying a house and offers advice.
650 _aDISABLED PEOPLE
650 _aHOMEBUYERS
650 _aSHARED OWNERSHIP SCHEMES
690 _aHOUSING
942 _n0
948 _c04/03/1997
999 _c13736
_d13736